| 000 | 00441nam a22001457a 4500 | ||
|---|---|---|---|
| 008 | 231006b |||||||| |||| 00| 0 eng d | ||
| 020 | _a978-9966-082-64-0 | ||
| 100 | _aAKAMA, JOHN S. | ||
| 245 | _aSCHOLARLY RESEARCH: WRITING AND PUBLISHING INTO JOURNALS AND BOOKS | ||
| 260 |
_aNAIROBI _bNSEMIA _c2022 |
||
| 300 | _aXXVIII,424P. | ||
| 500 | _aINCLUDES BIBLIOGRAPHICAL REFERENCES AND INDEX | ||
| 650 | _aPUBLICATIONS | ||
| 942 |
_2lcc _cBK |
||
| 999 |
_c207585 _d207585 |
||